Základy gaivanotechniky.

Bibliographic Details
Main Author: Doškář, Josef
Format: Book
Language:Czech
Published: Praha : Státní nakl. technické literatury, 1953.
Edition:[Vyd. 1.].
Series:Knižnice kovoprůmyslu
Subjects:

MARC

Tag First Indicator Second Indicator Subfields
LEADER 00000cam a2200000I 4500
001 in00001705430
005 20151024155221.0
008 981217s1953 xr a b 000 0 cze
010 |a  59018709  
035 |a (OCoLC)ocm40511232 
040 |a DLC  |c HRH  |d TXA  |d UtOrBLW 
049 |a TXAM 
050 0 0 |a TS670  |b .D6 
100 1 |a Doškář, Josef. 
245 1 0 |a Základy gaivanotechniky. 
250 |a [Vyd. 1.]. 
264 1 |a Praha :  |b Státní nakl. technické literatury,  |c 1953. 
300 |a 277 pages :  |b illustrations ;  |c 21 cm. 
336 |a text  |b txt  |2 rdacontent 
337 |a unmediated  |b n  |2 rdamedia 
338 |a volume  |b nc  |2 rdacarrier 
490 0 |a Knižnice kovoprůmyslu 
504 |a Includes bibliography. 
650 0 |a Electroplating. 
948 |a cataloged  |b h  |c 2002/9/30  |d c  |e tchubaryan  |f 11:01:31 am 
994 |a E0  |b TXA 
999 |a MARS 
999 f f |s a96b07a7-6beb-3b68-8283-2ee4b739758d  |i bec3b817-877c-30bd-b295-50bb8749b262  |t 0 
952 f f |p ric  |a Texas A&M University  |b Rellis Campus  |c Joint Library Facility  |d Remote Storage  |t 0  |e TS670 .D6  |h Library of Congress classification  |i unmediated -- volume  |m A14829231489 
998 f f |a TS670 .D6  |t 0  |l Remote Storage